| 000 | 00501nam a2200169Ia 4500 | ||
|---|---|---|---|
| 999 |
_c448 _d448 |
||
| 003 | OSt | ||
| 005 | 20201223115502.0 | ||
| 008 | 190216s9999||||xx |||||||||||||| ||und|| | ||
| 040 | _coclc | ||
| 082 |
_a297.122594812 _bMOU/Q |
||
| 100 |
_aMoudoodi, Abul Ala _91860 |
||
| 245 | 0 |
_aQur`an Bhashyam / _cAbul Ala Moudoodi |
|
| 260 |
_bIslamic Publishing House, _c1988. _aNew Delhi: |
||
| 300 | _a824p | ||
| 650 | _aQur`An | ||
| 942 |
_cBK _2ddc _h297.122594812 _iMOU/Q _k297.122594812 _mMOU/Q |
||